Statistiques concernant Le Hobbit personnages

Cliquez ici pour prendre le quiz!

Statistiques générales

  • Ce quiz a été pris 1 765 fois
  • Le résultat moyen est 22 sur 35

Statistiques - réponses

IndiceRéponse% Correct
Magicien ayant trouvé le cambrioleurGandalf
97%
Maïtre CambrioleurBilbon
96%
Ecu de ChèneThorin
96%
Son filsLegolas
89%
Dragon ayant détruit DaleSmaug
86%
Dame de Lorien qui sauve Gandalf de Dol GuldurGaladriel
83%
Kili
82%
Fili
81%
membres de sa compagnieBalin
79%
Seigneur de FondcombeElrond
79%
Ancien propriétaire de l'anneauGollum
78%
Autres magiciensSaroumane
75%
L'orc pâleAzog
69%
Radagast
69%
Père d'Ecu de ChèneThraïn
68%
Bombur
67%
Bifur
65%
Dwalin
65%
Grand-père d'écu de ChèneThror
65%
Bofur
63%
Descendant de Girion et batellier de LacvilleBarde
61%
Seigneur elfe de la forêt noireThranduil
60%
Gloïn
59%
La capitaine de sa gardeTauriel
56%
Oïn
52%
Nori
50%
Ori
48%
Dori
47%
Sa progénitureBolg
46%
Change-peauBeorn
43%
Seigneur des monts de ferDaïn
37%
Son filsBain
27%
Second du maître de LacvilleAlfrid
24%
Tilda
19%
Ses deux fillesSigrid
15%

Distribution des résultats

Percentile par nombre de réponses

% des personnes avec chaque résultat

Votre développement - résultats

Vous n’avez pas pris ce quiz